The traveller's atlas of sacred & historical places : a guide to the world's most mystical locations (Record no. 423188)

MARC details
000 -LEADER
fixed length control field 00334nam a2200097Ia 4500
082 ## - DEWEY DECIMAL CLASSIFICATION NUMBER
Classification number 291.35 HARP
008 - FIXED-LENGTH DATA ELEMENTS--GENERAL INFORMATION
fixed length control field 210817s9999 xx 000 0 und d
100 ## - MAIN ENTRY--PERSONAL NAME
Personal name HARPUR, James Hove, 2003
9 (RLIN) 99610
245 #0 - TITLE STATEMENT
Title The traveller's atlas of sacred & historical places : a guide to the world's most mystical locations
942 ## - ADDED ENTRY ELEMENTS
item type Books

No items available.